01800nam a2200337Ia 4500001001200000003000800012006001900020007001500039008004100054020001500095020001800110040002100128035002100149050002900170110011400199245035100313260005800664300002400722504004100746533015200787610007700939650004501016650004501061650002701106655002901133710006001162710008001222710001701302856012601319999001701445ebr10280007CaPaEBRm u cr cn|||||||||081230s2009 dcua sb 000 0 eng d z0309116449 z9780309116442 aCaPaEBRcCaPaEBR a(OCoLC)50344152214aQB500.266.U6bS35 2009eb2 aNational Research Council (U.S.).bCommittee on Science Opportunities Enabled by NASA's Constellation System.10aLaunching scienceh[electronic resource] :bscience opportunitites provided by NASA's constellation system /cCommittee on Science Opportunities Enabled by NASA's Constellation System, Space Studies Board, Aeronautics and Space Engineering Board, Division on Engineering and Physical Sciences, National Research Council of the National Academies. aWashington, D.C. :bNational Academies Press,cc2009. axiv, 142 p. :bill. aIncludes bibliographical references. aElectronic reproduction.bPalo Alto, Calif. :cebrary,d2009.nAvailable via World Wide Web.nAccess may be limited to ebrary affiliated libraries.10aUnited States.bNational Aeronautics and Space AdministrationxResearch. 0aSpace sciencesxResearchzUnited States. 0aSpace vehiclesxResearchzUnited States. 0aAerospace engineering. 7aElectronic books.2local2 aNational Research Council (U.S.).bSpace Studies Board.2 aNational Research Council (U.S.).bAeronautics and Space Engineering Board.2 aebrary, Inc.40uhttp://site.ebrary.com/lib/rucke/Doc?id=10280007zAn electronic book accessible through the World Wide Web; click to view c18905d18905